<?xml version="1.0" encoding="UTF-8"?>
<record
    xmlns:xsi="http://www.w3.org/2001/XMLSchema-instance"
    xsi:schemaLocation="http://www.loc.gov/MARC21/slim http://www.loc.gov/standards/marcxml/schema/MARC21slim.xsd"
    xmlns="http://www.loc.gov/MARC21/slim">

  <leader>01109nam a2200241 a 4500</leader>
  <controlfield tag="005">20161011114532.0</controlfield>
  <controlfield tag="008">161011s2012    ck ad|||r|||| 00| 0 spa d</controlfield>
  <datafield tag="040" ind1=" " ind2=" ">
    <subfield code="a">CO-BoIAVH </subfield>
    <subfield code="c">CO-BoIAVH </subfield>
  </datafield>
  <datafield tag="041" ind1="0" ind2=" ">
    <subfield code="a">spa</subfield>
  </datafield>
  <datafield tag="044" ind1=" " ind2=" ">
    <subfield code="a">ck</subfield>
  </datafield>
  <datafield tag="090" ind1=" " ind2=" ">
    <subfield code="a">FG-</subfield>
    <subfield code="b">0068</subfield>
  </datafield>
  <datafield tag="245" ind1="0" ind2="0">
    <subfield code="a">L&#xED;nea base de biodiversidad en sabanas y bosques de predios productivos en la Orinoquia colombiana : </subfield>
    <subfield code="b">caracterizaci&#xF3;n de la biodiversidad. Plantas &#x2022; Escarabajos &#x2022; Aves</subfield>
  </datafield>
  <datafield tag="260" ind1=" " ind2=" ">
    <subfield code="a">Bogot&#xE1;?, Colombia : </subfield>
    <subfield code="b">GEF : </subfield>
    <subfield code="b">PNUD,</subfield>
    <subfield code="c">2012?.</subfield>
  </datafield>
  <datafield tag="300" ind1=" " ind2=" ">
    <subfield code="a">1 plegable (17 p&#xE1;ginas) : </subfield>
    <subfield code="b">ilustraciones a color y gr&#xE1;ficas ; </subfield>
    <subfield code="c">23 x 16 cm.</subfield>
  </datafield>
  <datafield tag="500" ind1=" " ind2=" ">
    <subfield code="a">Conservaci&#xF3;n de la biodiversidad en predios productivos.
</subfield>
  </datafield>
  <datafield tag="650" ind1="2" ind2="6">
    <subfield code="a">Biodiversidad</subfield>
    <subfield code="x">caracterizaci&#xF3;n</subfield>
    <subfield code="z">Colombia</subfield>
    <subfield code="z">Vichada (Departamento)</subfield>
  </datafield>
  <datafield tag="650" ind1="2" ind2="4">
    <subfield code="a">Altillanura</subfield>
    <subfield code="z">Colombia</subfield>
    <subfield code="z">Vichada (Departamento)</subfield>
  </datafield>
  <datafield tag="650" ind1="2" ind2="6">
    <subfield code="a">Sabanas</subfield>
    <subfield code="z">Colombia</subfield>
    <subfield code="z">Vichada (Departamento)</subfield>
  </datafield>
  <datafield tag="650" ind1="2" ind2="6">
    <subfield code="a">Plantas</subfield>
    <subfield code="z">Colombia</subfield>
    <subfield code="z">Vichada (Departamento)</subfield>
  </datafield>
  <datafield tag="650" ind1="2" ind2="6">
    <subfield code="a">Coleoptera</subfield>
    <subfield code="z">Colombia</subfield>
    <subfield code="z">Vichada (Departamento)</subfield>
  </datafield>
  <datafield tag="650" ind1="2" ind2="6">
    <subfield code="a">Aves</subfield>
    <subfield code="z">Colombia</subfield>
    <subfield code="z">Vichada (Departamento)</subfield>
  </datafield>
  <datafield tag="942" ind1=" " ind2=" ">
    <subfield code="2">z</subfield>
    <subfield code="c">Folleto</subfield>
  </datafield>
  <datafield tag="999" ind1=" " ind2=" ">
    <subfield code="c">19081</subfield>
    <subfield code="d">19081</subfield>
  </datafield>
  <datafield tag="952" ind1=" " ind2=" ">
    <subfield code="0">0</subfield>
    <subfield code="1">0</subfield>
    <subfield code="2">z</subfield>
    <subfield code="4">0</subfield>
    <subfield code="7">0</subfield>
    <subfield code="8">HEMEROTECA</subfield>
    <subfield code="I">INV2017</subfield>
    <subfield code="a">Bogota</subfield>
    <subfield code="b">Bogota</subfield>
    <subfield code="d">2016-10-11</subfield>
    <subfield code="l">0</subfield>
    <subfield code="o">FG-0068</subfield>
    <subfield code="p">040758</subfield>
    <subfield code="r">2016-10-11 00:00:00</subfield>
    <subfield code="t">Ej. 1</subfield>
    <subfield code="w">2016-10-11</subfield>
    <subfield code="x">Donacion</subfield>
    <subfield code="y">Folleto</subfield>
  </datafield>
</record>
